000 01227nam a22003497a 4500
003 CHAP
005 20220817044157.0
008 070830d2004 mx d r 00110 spa d
010 _a93947
011 _a94919
035 _a105519
040 _cCHAP
082 0 4 _a336.72
_bC35
100 0 0 _aCalderón Salazar, Jorge Alfonso
_e, coord.
_917423
245 1 0 _aFederalismo hacendario en México:
_bretos y alternativas
_c/coord. por Jorge A. Calderon Salazar [y otros]
260 _aMéxico, D. F. :
_bFriedrich Ebert Stiftung,
_c2004.
300 _a179 p. :
_bcuad.
410 2 1 _aFundación Friedrich Ebert
490 0 _aColección análisis y propuesta
590 _aBATCH-UPD
_b10
_c20130110
_lUCH01
_h1643
590 _aBATCH-UPD
_b10
_c20130410
_lUCH01
_h1033
590 _aBATCH-UPD
_b10
_c20130914
_lUCH01
_h1410
590 _aCONVERSION
_b10
_c20130109
_lUCH01
_h1352
650 1 4 _aFinanzas públicas
_zMéxico.
_940975
650 1 4 _aMéxico
_xCondiciones económicas.
810 0 0 _aFundación Friedrich Ebert
_943983
830 0 _aColección análisis y propuesta
_924700
901 _aBK
905 _aMarco A. Mendoza T.
942 _cLIBRO
949 _a336.72 C35
_bBC
_cLIBRO
_d33724002042892
_eLIBRO
_h109192
_i105519
_sb
999 _c93947
_d93947